Où est la vraie vie ? (Raiponce) - Statistiques

Statistiques générales
  • Ce quiz a été pris 516 fois
  • Le résultat moyen est 159 sur 190
Statistiques - réponses
Hint Réponse % Correct
51 | 116 J'
99%
124 | 141 j'
99%
163 s'
99%
17 | 29 | 75 | +2 others la
98%
62 | 80 | 168 c'
97%
114 | 180 d'
97%
3 | 12 | 22 | +10 others je
97%
20 | 31 | 182 Je
97%
105 m'
97%
36 | 59 a
96%
175 À
96%
95 | 118 | 172 de
96%
6 | 26 | 39 | +10 others et
96%
144 | 160 Et
96%
4 | 71 | 146 me
96%
8 | 14 | 121 il
95%
135 ma
95%
49 ou
95%
73 | 140 | 154
95%
63 | 74 | 81 | 169 est
94%
58 qu'
94%
155 se
94%
45 livre
93%
56 ne
93%
77 vie.
93%
159 vie ?
93%
76 | 158 vraie
93%
2 heures,
92%
38 heures
92%
16 que
92%
113 rêve
92%
5 réveille
92%
1 Sept
92%
37 sept
92%
72 | 147 | 149 | +2 others demande
91%
9 fait
91%
44 un
91%
7 dehors
90%
48 deux
90%
43 lis
90%
50 trois.
90%
120 couleur,
89%
122 | 125 en
89%
47 même
89%
33 chaque
88%
10 clair.
88%
35 jusqu'
88%
32 nettoie
88%
52 | 117 ajoute
87%
15 faut
87%
18 maison
87%
60 moi.
87%
40 quart.
87%
19 brille.
86%
170 le
86%
34 placard
86%
30 poussière.
86%
61 | 107 Puis
86%
55 qui
86%
53 | 68 quelques
85%
57 plaisent
84%
126 | 183 suis
84%
54 couleurs
82%
104 Pascal
82%
65 tricot,
82%
28 chasse
81%
41 | 128 Ensuite
81%
115 aventure.
80%
123 manque
80%
127 sûre.
80%
130 brosse,
78%
132 | 134 brosse
78%
69 fois
78%
64 guitare,
78%
156 cache
77%
23 frotte,
77%
136 chevelure.
76%
106 épate.
76%
110 mes
75%
137 Dans
74%
111 livres,
74%
173 mon
74%
109 relis
74%
174 anniversaire
73%
13 balaie,
73%
138 | 178 cette
73%
184 plus
73%
162 soir
73%
142 ai
72%
171 jour
72%
165 les
70%
166 lumières.
70%
66 gâteau
69%
92 mat.
69%
143 grandi.
68%
11 Vite
68%
85 cookies.
66%
139 prison
65%
25 range
65%
100 arts
64%
161 demain
64%
21 cire,
63%
101 plastiques,
63%
189 y
63%
190 aller.
62%
176 quoi
62%
78 Après
61%
90 échecs
61%
181 été ?
61%
99 Gymnastique,
61%
179 soirée
61%
79 midi,
59%
188 pouvoir
59%
177 ressemble
59%
98 bougies.
58%
185 grande
58%
167 Comme
57%
88 danse
56%
187 dois
56%
96 marionnettes
55%
164 élèvent
54%
89 classique,
52%
83 fléchettes
52%
94 théâtre
51%
102 corde
48%
87 mâché,
48%
86 Papier
48%
82 puzzles,
38%
93 Poterie,
37%
Aucun quiz correspondant
Distribution des résultats
% des personnes avec chaque résultat
Percentile par nombre de réponses
Votre historique - résultats
Vous n’avez pas pris ce quiz